Mot en français - Partie 1 - Statistiques

Statistiques générales
  • Ce quiz a été pris 30 fois
  • Le résultat moyen est 8 sur 17
Statistiques - réponses
Hint Réponse % Correct
Voiture Car
96%
Stylo Pen
96%
Aéroport Airport
81%
Arc-en-ciel Rainbow
74%
Abeille Bee
70%
Poivre Pepper
70%
Montagnes russes Roller Coaster
44%
Humidité Humidity
41%
Four Oven
41%
Poussière Dust
37%
Gardien de zoo Zookeeper
33%
Laitue Lettuce
26%
Cendrier Ashtray
22%
Arme à feu firearm
22%
Choufleur Cauliflower
19%
Cornemuse Bagpipe
11%
Sagesse rétrospective Hindsight
4%
Aucun quiz correspondant
Distribution des résultats
% des personnes avec chaque résultat
Percentile par nombre de réponses
Votre historique - résultats
Vous n’avez pas pris ce quiz